Statistics for Canadian Capital Cities

Click here to take the quiz!

General Stats

  • This quiz has been taken 547 times
    (546 since last reset)
  • The average score is 12 of 13

Answer Stats

Hint Answer % Correct
Quebec CityQuebec
98%
VictoriaBritish Columbia
95%
EdmontonAlberta
95%
WhitehorseYukon
94%
TorontoOntario
94%
ReginaSaskatchewan
93%
HalifaxNova Scotia
93%
WinnipegManitoba
93%
IqaluitNunavut
91%
St. John'sNewfoundland and Labrador
90%
CharlottetownPrince Edward Island
90%
YellowknifeNorthwest Territories
88%
FrederictonNew Brunswick
88%

Score Distribution

Percentile by Number Answered

Percent of People with Each Score

Your Score History

You have not taken this quiz since the last reset